• 首页
  • 本馆介绍
  • 公告通知
  • 最新文献
  • 馆藏检索
  • 电子资源
  • 读者导购
  • 参考咨询
  • 我的图书馆
  • 登录
  • 详细信息显示
  • 放入我的书架
  • 预约/预借图书
  • 作者相关作品
  • 分类相关作品
  • 丛书相关作品
  • 出版社相关作品

书目信息

  • 表格格式
  • 工作单格式
  • 卡片格式
题名:
“新马克思主义”析要
    
 
作者: 李忠尚 著
分册:  
出版信息: 北京   中国人民大学出版社  1987
页数: 305页
开本: 19cm
丛书名:
单 册:
中图分类: A81
科图分类:
主题词: 马恩著作--学习 , 马恩著作研究
电子资源:
ISBN: 7-300-00178-5
000 00644nam0 2200229 45
001 0187001193
005 20050517165507.4
010    @a7-300-00178-5@dCNY2.00
100    @a19930923d1987 em y0chiy0121 ea
101 0  @achi
102    @aCN@b110000
105    @ay z 000yy
200 12 @a“新马克思主义”析要@A“ xin ma ke si zhu yi ” xi yao@f李忠尚著@FLi Zhong Shang Zhu
210    @a北京@c中国人民大学出版社@d1987
215    @a305页@d19cm
606 0  @a马恩著作@x学习
606 0  @a马恩著作研究
690    @aA81@v3
701  0 @a李忠尚@4著
801  0 @aCN@b深圳图书馆@c20040423
801  2 @aCN@bNLC@c20040423
905    @dA81@e108@f1@b210581
    
    “新马克思主义”析要/李忠尚著.-北京:中国人民大学出版社,1987
    305页;19cm
    
    
    ISBN 7-300-00178-5:CNY2.00
    
●
相关链接 在E读中查询图书 在五车中查询图书 在当当中查询图书 在豆瓣中查询图书


正题名:"新马克思主义"析要     索取号:A81/108         预约/预借

序号 登录号 条形码 馆藏地/架位号 状态 备注
1 0210579   000958823   第一借阅区/ [索取号:A81/108] 在馆    
2 0210581   002047458   第一样本阅览室/ [索取号:A81/108] 在馆    
唐山师范学院图书馆 欢迎您!
大连网信软件有限公司© 版权所有